| 000 | 00737cam a2200265M 4500 | ||
|---|---|---|---|
| 001 | 87256 | ||
| 005 | 20230411090045.0 | ||
| 008 | 080905s2008 sp o000 0 spa d | ||
| 035 | _a(OCoLC)ocn433943971 | ||
| 040 |
_aBNM _erdc _bspa _cBNM |
||
| 015 | _aMON0902 | ||
| 017 | _aGR 1178-2008 | ||
| 020 | _a9788433848451 | ||
| 020 | _a8433848453 | ||
| 035 | _a(OCoLC)433943971 | ||
| 049 | _aGRAL | ||
| 080 | _a32(081) Pérez Tapias, José Antonio | ||
| 100 | 1 | _aPérez Tapias, José Antonio. | |
| 245 | 1 | 0 |
_aArgumentos contra la antipolítica _cJosé Antonio Pérez Tapias. |
| 260 |
_aGranada _bEditorial Universidad de Granada _c2008. |
||
| 300 |
_a260 p. _c21 cm. |
||
| 942 |
_2lcc _cbk |
||
| 994 |
_aC0 _bDRFGD |
||
| 946 | _aJP | ||
| 999 |
_c111723 _d111723 |
||